Decision

Bibliographic Details
Format: Unknown
Language:English
Published: Calcutta : Indian Institute of Management, 1975-
Subjects:
Online Access:http://www.vlex.com/source/7180

MARC

LEADER 00000 a2200000 4500
005 20130315135553.0
007 cr|||| ||||
008 130315c19759999ii tr|p s|||| 0|||a1eng d
022 |a 3040941  
035 |a 7180 
040 |a vLex 
090 |c 3937  |d 3937 
245 0 0 |a Decision  |h [Recurso electrn̤ico]  
256 |a Servicio en ln̕ea 
260 |a Calcutta :  |b Indian Institute of Management,   |c 1975- 
300 |a 1 Recurso electrn̤ico 
506 |d vLex Global  |d vLex Global (Academic Edition, excluding Law Schools)  |d vLex Global (U.S. Academic Edition, Law Schools)  |d vLex Global (U.S. Academic Edition, excluding Law Schools)  |d vLex Global (Academic Edition, Law Schools) 
650 0 4 |a Administracin̤ (Management)  |v Revistas 
650 0 4 |a Derecho tributario  |v Revistas 
650 0 4 |a Economa̕  |v Revistas 
740 |a vLex Revistas (Servicio en ln̕ea) 
856 |a Acceso restringido  |u http://www.vlex.com/source/7180 
942 |c REV 
999 0 |a Management